| 000 | 00457nam a22001457a 4500 | ||
|---|---|---|---|
| 008 | 230605b |||||||| |||| 00| 0 eng d | ||
| 040 |
_aNational Science Library _cNational Science Library |
||
| 080 |
_a615.47(047.3) _bK5 |
||
| 245 |
_aTheatre service centre _c/ South Eastern Regional Hospital Board |
||
| 260 |
_aScotland: _bSouth Eastern Regional Hospital Board, _c1965 |
||
| 300 | _a75p. | ||
| 650 | _aScience | ||
| 653 | _aDrugs | ||
| 942 |
_2udc _cBK |
||
| 999 |
_c39417 _d39417 |
||